Adaptación y rendimiento escolar de los alumnos de cuarto año medio de liceos científicos humanistas públicos de Curicó, Chile (Record no. 165833)

MARC details
000 -CABECERA
campo de control de longitud fija 00783nab a2200229 a 4500
005 - FECHA Y HORA DE LA ÚLTIMA TRANSACCIÓN
campo de control 20210219161901.0
008 - ELEMENTOS DE LONGITUD FIJA--INFORMACIÓN GENERAL
campo de control de longitud fija 991125s1985 mx 000 0 spa u
035 ## - NÚMERO DE CONTROL DEL SISTEMA
Número de control de sistema UPN01000193732
100 1# - ASIENTO PRINCIPAL--NOMBRE PERSONAL
Nombre de persona Olivera Rivera, Eduardo
100 1# - ASIENTO PRINCIPAL--NOMBRE PERSONAL
Filiación eolivera@ucm.cl
222 ## - TÍTULO CLAVE
Título clave REVISTA MEXICANA DE ORIENTACION EDUCATIVA
245 ## - MENCIÓN DE TÍTULO
Título Adaptación y rendimiento escolar de los alumnos de cuarto año medio de liceos científicos humanistas públicos de Curicó, Chile
300 ## - DESCRIPCIÓN FÍSICA
Extensión 21-33
362 0# - FECHAS DE PUBLICACIÓN Y/O DESIGNACIÓN SECUENCIAL
Fecha de publicación y/o designación secuencial 2013 3a época, vol. 10, no. 24, ene.-jun.
653 0# - TERMINO DE INDIZACION - NO CONTROLADO
Término no controlado RENDIMIENTO ESCOLAR
653 0# - TERMINO DE INDIZACION - NO CONTROLADO
Término no controlado EDUCACION SECUNDARIA
653 0# - TERMINO DE INDIZACION - NO CONTROLADO
Término no controlado ADAPTACION SOCIAL
700 1# - ASIENTO SECUNDARIO--NOMBRE DE PERSONAL
Nombre de persona Orellana Saaverdra, Angela
700 1# - ASIENTO SECUNDARIO--NOMBRE DE PERSONAL
Término indicativo de función/relación coaut.
856 1# - LOCALIZACIÓN Y ACCESO ELECTRÓNICOS
Identificador Uniforme del Recurso <a href="http://www.remo.ws/REVISTAS/remo-24.pdf">http://www.remo.ws/REVISTAS/remo-24.pdf</a>
905 ## - TIPO DE MATERIAL
Tipo de material Articulo

No items available.